[Event "Julian Mazur Memorial"]
[Site "Wellington Chess Club"]
[Date "2020.07.16"]
[Round "5.21"]
[White "Osborne, Geoff"]
[Black "Ross, Matt"]
[Result "0-1"]
[WhiteElo "1287"]
[BlackElo "1889"]

1. Nf3 f5 2. d3 Nf6 3. e4 fxe4 4. dxe4 Nxe4 5. Bd3 d5 6. Bxe4 dxe4 7. Qxd8+
Kxd8 8. Ne5 Ke8 9. Bf4 g5 10. Bg3 Bg7 11. Nc3 h5 12. h3 Bf5 13. O-O-O Na6 14.
Rhe1 Rf8 15. Rd2 g4 16. Kb1 Rd8 17. Rxd8+ Kxd8 18. h4 Kc8 19. Nc4 Rd8 20. a3
Nc5 21. b4 Bxc3 22. bxc5 Bxe1 23. Kb2 Be6 0-1

[Event "Julian Mazur Memorial"]
[Site "Wellington Chess Club"]
[Date "2020.07.16"]
[Round "5.22"]
[White "Bielski, Nikolas"]
[Black "Dunlop, Rafe"]
[Result "1-0"]
[WhiteElo "1500"]
[BlackElo "1397"]

1. c4 e5 2. Nc3 Bc5 3. e3 Nc6 4. Nge2 d6 5. Ng3 Nf6 6. Be2 O-O 7. O-O Be6 8. d3
Na5 9. a3 Bb6 10. b4 Nc6 11. Rb1 a5 12. Nge4 Nxe4 13. Nxe4 d5 14. Nc3 axb4 15.
axb4 Ne7 16. c5 Ba7 17. e4 c6 18. f4 d4 19. Na4 Qc7 20. f5 Bc8 21. Rf3 f6 22.
Rg3 Kh8 23. Bh5 Ng8 24. Nb2 b5 25. Rh3 g6 26. Bxg6 1-0

[Event "Julian Mazur Memorial"]
[Site "Wellington Chess Club"]
[Date "2020.07.16"]
[Round "5.23"]
[White "Asher, Bruce"]
[Black "Mukherjee, Raash"]
[Result "1-0"]
[WhiteElo "1187"]
[BlackElo "1500"]

1. e4 c5 2. Nf3 Nc6 3. Nc3 d6 4. Bc4 Bg4 5. d3 Nf6 6. Qd2 Bxf3 7. gxf3 e6 8.
O-O a6 9. Qf4 b5 10. Bb3 Nd4 11. Re1 a5 12. e5 dxe5 13. Rxe5 Bd6 14. Qe3 Bxe5
15. Nxb5 Bxh2+ 16. Kxh2 Qb8+ 17. Kg2 Qxb5 18. a4 Qd7 19. Bc4 O-O 20. Qg5 h6 21.
Qxc5 Rfc8 22. Qe5 Rd8 23. Qg3 Ne2 24. Qh3 Nxc1 25. Rxc1 Nd5 26. Qg4 e5 27. Qe4
Nf4+ 28. Kg1 Qh3 29. Bxf7+ Kxf7 30. Qb7+ Kg8 31. Qb3+ Kh8 1-0

[Event "Julian Mazur Memorial"]
[Site "Wellington Chess Club"]
[Date "2020.07.23"]
[Round "6.1"]
[White "Ker, Anthony"]
[Black "Croad, Nicolas"]
[Result "1/2-1/2"]
[WhiteElo "2437"]
[BlackElo "2440"]

1. e4 e5 2. Nf3 Nc6 3. d4 exd4 4. Bc4 Bc5 5. c3 Nf6 6. cxd4 Bb4+ 7. Bd2 Nxe4 8.
Bxb4 Nxb4 9. Bxf7+ Kxf7 10. Qb3+ Kf8 11. Qxb4+ Qe7 12. Qxe7+ Kxe7 13. O-O Nf6
14. Re1+ Kd8 15. Nc3 d6 16. Ng5 Rf8 17. f3 h6 18. Ne6+ Bxe6 19. Rxe6 Kd7 20.
Rae1 Rae8 21. Rxe8 Rxe8 (21... Nxe8 $10 {Holland-Krivonosov Riga 2018} ) 22.
Rxe8 Nxe8 23. Kf2 c6 24. Ke3 Nc7 25. Ke4 Ke6 26. h4 d5+ 27. Kf4 b6 28. b4 g6
29. g4 Kf6 30. Ke3 Ke6 31. Ne2 Nb5 32. h5 gxh5 33. Nf4+ Kf7 34. Nxh5 Nc3 35. a3
Nb5 36. a4 Nc3 37. a5 Na2 38. axb6 axb6 39. b5 cxb5 40. Nf4 Nb4 41. Kd2 Nc6 42.
Kd3 Ne7 43. Kc3 Kf6 44. Kb4 Nc6+ 45. Kxb5 Nxd4+ 46. Kxb6 Nxf3 47. Nxd5+ Kg5 48.
Ne3 Kf4 49. Nf5 Kxg4 50. Nxh6+ 1/2-1/2

[Event "Julian Mazur Memorial"]
[Site "Wellington Chess Club"]
[Date "2020.07.23"]
[Round "6.2"]
[White "Jackson, Ross"]
[Black "Dive, Russell"]
[Result "0-1"]
[WhiteElo "2030"]
[BlackElo "2414"]

1. d4 c5 2. d5 f5 3. c4 g6 4. Nc3 Bg7 5. g3 d6 6. Bg2 Bxc3+ 7. bxc3 Nf6 8. Bh6
Qa5 9. Qb3 Nbd7 10. Nf3 Ne4 11. Rc1 Nb6 12. Ng5 Nxg5 13. Bxg5 h6 14. Bd2 Bd7
15. e4 O-O-O 16. a4 Qxa4 17. Qxa4 Nxa4 18. Ra1 Kb8 19. exf5 gxf5 20. Rb1 Nb6
21. Bf1 e6 22. Bf4 Kc7 23. Ra1 a6 24. Ra5 e5 25. Bd2 Na4 26. Bd3 e4 27. Bc2 Nb2
28. Bb3 Nd3+ 29. Ke2 Be8 30. Be3 Bh5+ 31. Kd2 Bf3 32. Rb1 Rdf8 33. Raa1 h5 34.
Bf4 Nxf2 35. Bc2 Nh3 36. Bxd6+ Kxd6 37. Rxb7 f4 38. Rxa6+ Ke5 39. Re7+ Kf5 40.
Rae6 fxg3 41. hxg3 Ng5 42. Re5+ Kf6 43. Ke3 Rf7 44. Rxf7+ Kxe5 45. Rc7 Ra8 46.
Rxc5 Ra2 47. d6+ Kxd6 48. Rd5+ Ke6 49. Bxe4 Re2+ 50. Kf4 Rxe4+ 51. Kxg5 Rg4+
52. Kxh5 Rg8+ 0-1

[Event "Julian Mazur Memorial"]
[Site "Wellington Chess Club"]
[Date "2020.07.23"]
[Round "6.3"]
[White "Langford, Josh"]
[Black "Russell, Athula"]
[Result "0-1"]
[WhiteElo "1413"]
[BlackElo "2250"]

1. e4 c6 2. d4 d5 3. e5 Bf5 4. h4 h5 5. Nc3 e6 6. Bd3 Ne7 7. Bg5 Qb6 8. Bxf5
Nxf5 9. Nge2 c5 10. dxc5 Qxc5 11. Ng3 Nxg3 12. fxg3 d4 13. Qd3 Qxe5+ 14. Kf2
Bc5 15. Nb5 Na6 16. Rhe1 Qd5 17. Re4 O-O 18. Kf1 f5 19. Re2 e5 20. Nc3 Qf7 21.
Na4 Rfe8 22. Rae1 e4 23. Qb3 Qxb3 24. axb3 Bd6 25. c4 Bxg3 26. Rd1 d3 27. Re3
f4 0-1

[Event "Julian Mazur Memorial"]
[Site "Wellington Chess Club"]
[Date "2020.07.23"]
[Round "6.4"]
[White "Wojnar, Jacek"]
[Black "Symon, Christopher"]
[Result "1-0"]
[WhiteElo "2052"]
[BlackElo "1500"]

1. e4 c5 2. f4 g6 3. Nf3 Bg7 4. Bc4 e6 5. Nc3 Ne7 6. f5 exf5 7. d3 Nbc6 8. O-O
d6 9. Qe1 O-O 10. Bg5 Ne5 11. Qh4 Nxf3+ 12. Rxf3 Re8 13. Nd5 Kf8 14. Nxe7 Rxe7
15. Bxe7+ Qxe7 16. Qxe7+ Kxe7 17. c3 Bd7 18. a4 Be6 19. exf5 1-0

[Event "Julian Mazur Memorial"]
[Site "Wellington Chess Club"]
[Date "2020.07.23"]
[Round "6.5"]
[White "Stone, Andrew"]
[Black "Forster, Bill"]
[Result "0-1"]
[WhiteElo "2043"]
[BlackElo "2019"]

1. e4 c5 2. Nf3 a6 3. d4 cxd4 4. c3 dxc3 5. Nxc3 Nc6 6. Bc4 e6 7. O-O b5 8. Bb3
Nge7 {I had spent a half hour on YouTube in the afternoon watching a Spanish GM
explain how to crush the Smith-Morra with this manoeuvre. Turns out that Andrew
is a little uncooperative and is intent on crushing rather than being crushed}
9. Qe2 Ng6 10. Rd1 b4 $2 {I was worried about e5 followed by Nc3-e4-d6 but the
computer tells me that I was an idiot to worry about that because Ne4 would
disrupt protection of e5 so I can just develop, and maybe eventually gain fans
in Spain hurrah.} 11. Na4 Be7 12. Be3 O-O 13. Rac1 {Threatening ... Rxc6} 13...
Qe8 {White has a harmonious position and heaps of comp. Black has backed
himself into a corner somewhat} 14. Nc5 $2 {Giving up White's advantage, the
knight doesn't do much here}  (14. Nb6 {was more to the point, forcing more
awkward manoeuvres on Black} ) 14... f5 $5 {Seeking counterplay}  (14... d6 $1
{is correct, I didn't play it because I forgot that my Queen X-Ray defends Nc6
and so I thought I was in danger of the desperado} 15. Nxe6 $4 {Doh.} ) 15.
exf5 Rxf5 16. Nxd7 $2 {Rushing it, there was no need for White to go for the
immediate kill and his idea is flawed} 16... Bxd7 17. Rxc6 Rxf3 $4 {Returning
the favour}  ( {I was worried about} 17... Bxc6 18. Bxe6+ Rf7 {for some reason,
but actually White will have no choice but to just collect an exchange (within
a few moves) not a whole rook and so will remain a piece down} ) 18. Bxe6+ $4
{Falling in with my calculations is returning the returned favour again (sort
of). This time the right move was far from obvious though}  ( {We both missed}
18. Rxd7 $3 {destroying Black} ) 18... Bxe6 19. Qxf3 Ne5 $1 {This was the shot
I had prepared with 17...Rxf3} 20. Qe4 Qxc6 21. Qxe5 Bf6 22. Qg3 Rc8 {I think
Andrew should have played on. I am notoriously shaky in these sort of
situations and I only had 11 minutes left. But of course objectively it is
completely game over.} 0-1

[Event "Julian Mazur Memorial"]
[Site "Wellington Chess Club"]
[Date "2020.07.23"]
[Round "6.6"]
[White "Winsley, Nicholas"]
[Black "Pomeroy, Arthur"]
[Result "0-1"]
[WhiteElo "1566"]
[BlackElo "2021"]

1. e4 c5 2. Nf3 d6 3. d4 cxd4 4. Nxd4 Nf6 5. Nc3 a6 6. Bc4 b5 7. Bb3 e6 8. Bg5
Be7 9. Qf3 Qc7 10. O-O O-O 11. Rad1 Qb7 12. Qg3 Nbd7 13. f4 b4 14. e5 bxc3 15.
exf6 Nxf6 16. Bh6 Ne8 17. f5 Kh8 18. fxe6 gxh6 19. exf7 Ng7 20. Qxc3 Bg4 21.
Ne6 Bxe6 22. Bxe6 Qb6+ 23. Kh1 Qc5 24. Qh3 Nxe6 25. Qxe6 Qe5 26. Qd7 Rad8 27.
Qc7 Bg5 28. Rde1 Qc5 29. Qxc5 dxc5 30. g3 Kg7 31. h4 Bf6 32. Re6 Rxf7 33. Rxa6
Bxb2 34. Rxf7+ Kxf7 35. Rxh6 Kg7 36. Rc6 Bd4 37. Ra6 Bf2 38. Kg2 Rd2 39. c4 Rc2
40. Kf3 Bd4 41. Ke4 Rxc4 42. Kf5 Bf2 43. h5 Bxg3 44. h6+ Kf8 45. Ke6 Re4+ 46.
Kf6 Bh4+ 47. Kf5 Re7 48. Ra8+ Re8 49. Ra7 Be7 50. Rc7 Kf7 51. a4 Ra8 0-1

[Event "Julian Mazur Memorial"]
[Site "Wellington Chess Club"]
[Date "2020.07.23"]
[Round "6.7"]
[White "Sole, Michael"]
[Black "Wastney, Scott"]
[Result "0-1"]
[WhiteElo "2000"]
[BlackElo "2438"]

1. e4 e5 2. Nf3 Nc6 3. Bb5 Nf6 4. O-O Nxe4 5. Re1 Nd6 6. Nxe5 Nxe5 7. Rxe5+ Be7
8. Bf1 O-O 9. d4 Bf6 10. Re1 Nf5 11. c3 d5 12. Bd3 c6 13. Bf4 Nh4 14. Bg3 Re8
15. Nd2 Rxe1+ 16. Qxe1 Bg4 17. Nf1 Bd7 18. Ne3 Ng6 19. Qe2 Qb6 20. Qc2 Re8 21.
Kf1 Bg5 22. Re1 Qd8 23. Qb1 Qf6 24. Kg1 h5 25. Bxg6 fxg6 26. Be5 Qf7 27. g3
Bxe3 28. Rxe3 Bf5 29. Qe1 Bh3 30. Bf4 Rxe3 31. Qxe3 Qf5 32. f3 Qb1+ 33. Qc1
Qxa2 34. Kf2 Bf5 35. Qd2 Kh7 36. Kg2 a5 37. b4 Qxd2+ 38. Bxd2 a4 39. Bc1 g5 40.
Kf2 Kg6 41. h4 gxh4 42. gxh4 Bc2 43. Kg3 Kf5 44. Kf2 Ke6 45. Kg3 Kd7 46. Kf4
Bd1 47. Ke3 Kc7 48. f4 Bc2 49. Kd2 Bb1 50. Bb2 Kb6 51. Kc1 Bf5 52. Ba1 a3 53.
Kd2 Kb5 54. Kc1 Kc4 55. Kd2 Kb3 0-1

[Event "Julian Mazur Memorial"]
[Site "Wellington Chess Club"]
[Date "2020.07.23"]
[Round "6.8"]
[White "Van der Hoorn, Thomas"]
[Black "Winter, Ryan"]
[Result "0-1"]
[WhiteElo "1522"]
[BlackElo "2166"]

1. e4 c6 2. d4 d5 3. Nc3 dxe4 4. Nxe4 h6 5. Bf4 Bf5 6. Ng3 Bh7 7. h4 e6 8. Nf3
Bd6 9. Bxd6 Qxd6 10. c3 Nf6 11. Bd3 Bxd3 12. Qxd3 Nbd7 13. O-O-O O-O-O 14. Kb1
Kb8 15. Ne4 Nxe4 16. Qxe4 Qd5 17. Qxd5 cxd5 18. Rhe1 Rc8 19. Ne5 Nxe5 20. Rxe5
h5 21. f4 g6 22. g3 b5 23. Re3 Rc6 24. b4 Kb7 25. Kb2 a5 26. a3 axb4 27. axb4
Ra8 28. Ra1 Rxa1 29. Kxa1 Kc7 30. Kb2 Kd6 31. Kc2 Ke7 32. Kb2 Kf6 33. Re5 Kg7
34. Kc2 f6 35. Re3 Kh6 36. Kd2 Ra6 37. Ke2 Kg7 38. Kd2 Kf7 39. Kc2 Ra2+ 40. Kd3
Rg2 41. Rf3 Ke8 42. Ke3 Ke7 43. Kd3 Kf8 44. Re3 Kf7 45. Rf3 Kg7 46. Re3 g5 47.
fxg5 fxg5 48. hxg5 Kf7 49. g6+ Kg7 50. Rxe6 Rxg3+ 51. Kd2 Rxg6 52. Re5 h4 53.
Rxd5 h3 54. Rh5 Rh6 55. Rg5+ Kf6 56. Rg1 h2 57. Rh1 Ke6 58. Kd3 Kd5 59. Kd2 Kc4
60. Kc2 Rh3 61. Kb2 Kd5 62. Kc2 Ke4 63. d5 Kxd5 64. Kd1 Ke4 65. Ke1 Kf3 66. c4
Kg2 67. Rf1 Re3+ 0-1

[Event "Julian Mazur Memorial"]
[Site "Wellington Chess Club"]
[Date "2020.07.23"]
[Round "6.9"]
[White "Wojnar, Maciej"]
[Black "Yu, Johnson"]
[Result "1-0"]
[WhiteElo "2120"]
[BlackElo "1193"]

1. e4 c5 2. Nc3 Nc6 3. Bb5 g6 4. Bxc6 dxc6 5. f4 Bg7 6. Nf3 Qc7 7. d3 f5 8. e5
Bd7 9. Be3 b6 10. a4 a5 11. d4 cxd4 12. Qxd4 c5 13. Qc4 Qc6 14. Nb5 Bf8 15. Ng5
e6 16. O-O-O Be7 17. Rxd7 Bxg5 18. Rhd1 Be7 19. Nc7+ Kf7 20. Nxa8 Qxa8 21. R1d6
Ke8 22. Qxe6 1-0

[Event "Julian Mazur Memorial"]
[Site "Wellington Chess Club"]
[Date "2020.07.23"]
[Round "6.10"]
[White "Ackroyd, William"]
[Black "Tanoi, Edward"]
[Result "1-0"]
[WhiteElo "1439"]
[BlackElo "1947"]

1. e4 e5 2. Nf3 Nc6 3. Bb5 a6 4. Ba4 Nf6 5. O-O Nxe4 6. d4 b5 7. Bb3 d5 8. dxe5
Be6 9. Qe2 Bc5 10. Be3 Bxe3 11. Qxe3 Qe7 12. Nc3 Nc5 13. Bxd5 Bxd5 14. Nxd5 Qf8
15. Nxc7+ Kd7 16. Nxa8 Qxa8 17. Qxc5 Rc8 18. Qd5+ Ke8 19. Ng5 Qa7 20. e6 fxe6
21. Qxe6+ Ne7 22. Qf7+ Kd8 23. Rad1+ Kc7 24. Qxe7+ Kb6 25. Rd6+ Rc6 26. Rxc6+
Kxc6 27. Qxa7 1-0

[Event "Julian Mazur Memorial"]
[Site "Wellington Chess Club"]
[Date "2020.07.23"]
[Round "6.11"]
[White "He, Caleb"]
[Black "Malyavin, Ilya"]
[Result "1-0"]
[WhiteElo "1862"]
[BlackElo "1500"]

1. c4 e5 2. g3 Nc6 3. Bg2 Nf6 4. Nf3 Be7 5. O-O O-O 6. d4 exd4 7. Nxd4 Ne5 8.
b3 d6 9. Bb2 a6 10. Nd2 c5 11. Nc2 Rb8 12. Bxe5 dxe5 13. e4 Bg4 14. f3 Bh5 15.
Qe2 b5 16. Kh1 b4 17. Rfd1 Nd7 18. Ne3 Bg6 19. Nd5 Bd6 20. Nf1 Nf6 21. Nfe3
Nxd5 22. Nxd5 f5 23. Rd2 Qg5 24. Nxb4 cxb4 25. Rxd6 f4 26. g4 Rf6 27. Rad1 Be8
28. Qd2 Qg6 29. Qd5+ Kf8 30. Qxe5 Rb6 31. Rxb6 Rxb6 32. Qxf4+ Rf6 33. Qe5 Qh6
34. Qc5+ Kg8 35. g5 Rc6 36. gxh6 Rxc5 37. hxg7 Kxg7 38. Rd5 Rc6 39. Bh3 Rf6 40.
Bf5 Bh5 41. Kg2 Be8 42. c5 h6 43. Rd6 Bb5 44. Rxf6 Kxf6 45. f4 1-0

[Event "Julian Mazur Memorial"]
[Site "Wellington Chess Club"]
[Date "2020.07.23"]
[Round "6.12"]
[White "Brockway, Andrew"]
[Black "He, Paul"]
[Result "0-1"]
[WhiteElo "1803"]
[BlackElo "1911"]

1. e4 c5 2. Nc3 Nc6 3. Bb5 Nf6 4. Bxc6 dxc6 5. f4 Bg4 6. Nf3 Qc7 7. d3 h6 8.
O-O O-O-O 9. Qe1 g5 10. Ne5 Be6 11. Be3 Nh5 12. Qf2 Bg7 13. Bxc5 Nxf4 14. Nf3
b6 15. Bd4 Rhg8 16. g3 Nh3+ { White resigns} 0-1

[Event "Julian Mazur Memorial"]
[Site "Wellington Chess Club"]
[Date "2020.07.23"]
[Round "6.13"]
[White "Ashe, Michael"]
[Black "Aldridge, Alan"]
[Result "1-0"]
[WhiteElo "1748"]
[BlackElo "1870"]

1. d4 Nf6 2. c4 e6 3. Nc3 Bb4 4. e3 O-O 5. Ne2 d5 6. a3 Bxc3+ 7. Nxc3 b6 8. Be2
Bb7 9. O-O Nbd7 10. b4 a5 11. Bd2 dxc4 12. Bxc4 axb4 13. axb4 Rxa1 14. Qxa1 e5
15. d5 e4 16. Qb1 Ne5 17. Bb3 Nxd5 18. Nxe4 Qe7 19. Ng3 Rd8 20. e4 Nf6 21. Bg5
Ned7 22. f4 h6 23. Bh4 Qd6 24. Nf5 Qd2 25. Rf2 Bxe4 26. Rxd2 Bxb1 27. Bxf6 gxf6
28. Nxh6+ Kf8 29. Nxf7 Ra8 30. Rxd7 Ra1 31. Rd1 1-0

[Event "Julian Mazur Memorial"]
[Site "Wellington Chess Club"]
[Date "2020.07.23"]
[Round "6.14"]
[White "Cooke, Xandi"]
[Black "Wevers, Alexis"]
[Result "0-1"]
[WhiteElo "1444"]
[BlackElo "1830"]

1. d4 Nf6 2. c4 g6 $1 3. Nc3 Bg7 4. e4 d6 5. Be3 $5 { I was trying to remember
what was next and I was deciding between this and   (5.Nf3).  It's clear this
was the option I should have picked  } 5... O-O $6 6. h3 $6 {The point of this
move was to stop Ng4 however again Nf3 should have been much better.} 6... e5
7. d5 Ne8 $6 8. Be2 $6 f5 9. Nf3 f4 10. Bd2 Na6 11. Na4 $6 Nf6 12. Qc2 $4 Nxe4
13. Bd3 Nxd2 14. Qxd2 e4 15. Bxe4 Qe8 16. Qe2 {I decided at this point I was
going to probably lose the bishop so I may as well lose the knight over the
bishop} 16... Qxa4 17. b3 $17 { White resigns } 0-1

[Event "Julian Mazur Memorial"]
[Site "Wellington Chess Club"]
[Date "2020.07.23"]
[Round "6.15"]
[White "Ross, Matt"]
[Black "Jelley, Arch"]
[Result "0-1"]
[WhiteElo "1889"]
[BlackElo "1500"]

1. e4 f5 2. exf5 Kf7 3. Qh5+ g6 4. fxg6+ Kg7 5. gxh7 Rxh7 6. Qg5+ Kh8 7. Bd3
Bh6 8. Qf5 Rg7 9. b3 d6 10. Qh5 Bg4 11. Qh4 Nc6 12. Bb2 e5 13. Qxd8 Rxd8 14. h3
Bc8 15. g3 Rf8 16. Ne2 Nf6 17. Nbc3 a6 18. Ne4 b5 19. O-O-O Kg8 20. f4 Bb7 21.
Nxf6+ Rxf6 22. fxe5 Nxe5 23. Bxe5 dxe5 24. Nc3 Bxh1 25. Rxh1 Kf7 26. Ne4 Rc6
27. g4 Bf4 28. Rf1 Ke7 29. Kb2 Kd8 30. c4 b4 31. Be2 Rh7 32. Rh1 Rch6 33. Bf1
Rd7 34. Kc2 Rg6 35. Bg2 Kc8 36. h4 Kb8 37. Bf3 Ka7 38. h5 Rg8 39. Nf6 Rxd2+ 40.
Kb1 Rgd8 41. Nd5 Rf2 42. Nxb4 Rdd2 43. Be4 Rb2+ 44. Ka1 a5 45. Nd3 Rxa2+ 46.
Kb1 Rfe2 47. h6 Be3 48. Bf3 Bd4 49. Bxe2 Ra1+ 50. Kc2 Rxh1 51. g5 e4 52. Nf4
Kb6 53. Nh5 Rg1 54. c5+ Kxc5 55. Nf4 Kd6 56. g6 Be5 57. h7 c5 58. Bc4 Ke7 59.
Bf7 Kf8 60. Ne6+ Ke7 61. Nxc5 Rg2+ 62. Kd1 e3 63. Ne4 e2+ 64. Ke1 Kf8 65. Nf2
Kg7 66. Ne4 Kh8 67. Kd2 Bc7 68. Bc4 Bf4+ 69. Ke1 Rxg6 70. Kxe2 Kxh7 71. Bd3 Kg7
72. Bc4 Kf8 73. Nc5 Bd6 74. Nd7+ Ke7 75. Nb6 Bc5 76. Nd5+ Kd6 77. Kf3 Rg1 78.
Ke4 Rc1 79. Kd3 Bb4 80. Ne3 Kc5 81. Nf5 a4 82. Ne3 Rc3+ 83. Ke4 Rxe3+ 84. Kxe3
a3 0-1

[Event "Julian Mazur Memorial"]
[Site "Wellington Chess Club"]
[Date "2020.07.23"]
[Round "6.16"]
[White "Kibblewhite, Daniel"]
[Black "Stracy, Don"]
[Result "0-1"]
[WhiteElo "1640"]
[BlackElo "1696"]

1. d4 Nf6 2. c4 e6 3. Nf3 b6 4. Bg5 Be7 5. Nc3 Bb7 6. e3 Ne4 7. Nxe4 Bxe4 8.
Bxe7 Qxe7 9. Bd3 Qb4+ 10. Qd2 Qxd2+ 11. Kxd2 Bxd3 12. Kxd3 O-O 13. b4 d5 14. c5
Nd7 15. c6 Nf6 16. Ne5 Ne4 17. Rhf1 f6 18. Nd7 Rf7 19. b5 Nd6 20. a4 Nc4 21. f3
e5 22. e4 exd4 23. Kxd4 Nd2 24. Kxd5 Nxf1 25. Rxf1 a6 26. Rc1 axb5 27. axb5 Ra5
28. Rb1 Re7 29. Rb2 Kf7 30. g3 Ra4 31. e5 fxe5 32. Nxe5+ Ke8 33. Rb3 Ra2 34. h3
Rd2+ 35. Rd3 Rxe5+ 0-1

[Event "Julian Mazur Memorial"]
[Site "Wellington Chess Club"]
[Date "2020.07.23"]
[Round "6.17"]
[White "Rabina, Romeo"]
[Black "Stannard, Bobby"]
[Result "0-1"]
[WhiteElo "1683"]
[BlackElo "1504"]

1. b3 e5 2. Bb2 Nc6 3. e3 d5 4. Bb5 Bd6 5. Nf3 Bg4 6. h3 Bxf3 7. Qxf3 Nf6 8.
Nc3 a6 9. Bxc6+ bxc6 10. d3 O-O 11. g3 Re8 12. O-O-O e4 13. dxe4 dxe4 14. Qe2
Nd7 15. Qc4 Nc5 16. Na4 Nxa4 17. Qxa4 c5 18. Rd5 Qe7 19. Rhd1 Qe6 20. Ba3 Qf6
21. R5d2 Qa1# 0-1

[Event "Julian Mazur Memorial"]
[Site "Wellington Chess Club"]
[Date "2020.07.23"]
[Round "6.18"]
[White "Carroll, Lewis"]
[Black "Bielski, Nikolas"]
[Result "1-0"]
[WhiteElo "1681"]
[BlackElo "1500"]

1. e4 c5 2. Nf3 e6 3. d4 cxd4 4. Nxd4 Nf6 5. Nc3 Bb4 6. Bd3 Nc6 7. Nxc6 bxc6 8.
e5 Bxc3+ 9. bxc3 Nd5 10. Bd2 Rb8 11. O-O O-O 12. Qh5 g6 13. Qh6 f6 14. c4 Nb6
15. f4 f5 16. Be1 Bb7 17. Bh4 Qc7 18. Bf6 Rf7 19. Rf3 d6 20. exd6 Qxd6 21. Be5
Qf8 22. Qh4 Rd8 23. Rg3 Rg7 24. Bxg7 Qxg7 25. Qxd8+ Kf7 26. Qc7+ Kf8 27. Qb8+
Nc8 28. Rb1 Ba6 29. c5 Qd4+ 30. Kh1 Qa4 31. Bxa6 Qxa6 32. Rd3 Ke7 33. Rb7+ Kf6
34. Qe5# 1-0

[Event "Julian Mazur Memorial"]
[Site "Wellington Chess Club"]
[Date "2020.07.23"]
[Round "6.19"]
[White "Dixon, Hamish"]
[Black "Coppenolle, Florian"]
[Result "1-0"]
[WhiteElo "1679"]
[BlackElo "1500"]

1. e4 d5 2. exd5 Qxd5 3. Nc3 Qd8 4. Nf3 Nf6 5. Bc4 Nc6 6. d3 Na5 7. O-O Nxc4 8.
dxc4 Qxd1 9. Rxd1 c6 10. Bg5 Bg4 11. Rd3 e6 12. Rad1 Be7 13. h3 Bxf3 14. Rxf3
Nd7 15. Bxe7 Kxe7 16. Ne4 Ne5 17. Rb3 b6 18. c5 Nd7 19. cxb6 axb6 20. a3 Rab8
21. Rbd3 Ne5 22. Rc3 f5 23. Ng3 c5 24. Re1 Kd6 25. Rce3 1-0

[Event "Julian Mazur Memorial"]
[Site "Wellington Chess Club"]
[Date "2020.07.23"]
[Round "6.20"]
[White "Marney, John"]
[Black "Mukherjee, Raash"]
[Result "1-0"]
[WhiteElo "1660"]
[BlackElo "1500"]

1. e4 c5 2. Nf3 Nc6 3. d4 cxd4 4. Nxd4 Nf6 5. Nc3 e5 6. Ndb5 d6 7. Bg5 Be7 8.
Bxf6 gxf6 9. Nd5 O-O 10. Qd2 a6 11. Nbc3 Be6 12. Be2 Nd4 13. Bd3 Kh8 14. O-O-O
b5 15. Kb1 Qc7 16. Nxc7 1-0

[Event "Julian Mazur Memorial"]
[Site "Wellington Chess Club"]
[Date "2020.07.23"]
[Round "6.21"]
[White "Chin-Shong, David"]
[Black "Darr, Samuel"]
[Result "1-0"]
[WhiteElo "1500"]
[BlackElo "1652"]

1. Nf3 d5 2. c4 e6 3. b3 Nf6 4. Bb2 Nbd7 5. g3 g6 6. Bg2 Bg7 7. O-O O-O 8. d3
c6 9. Nbd2 Re8 10. Rc1 e5 11. cxd5 cxd5 12. e4 d4 13. Qc2 Nf8 14. Qc5 b6 15.
Qc2 Be6 16. Nxe5 Bxb3 17. Qxb3 Rxe5 18. f4 Ra5 19. e5 Nd5 20. Nc4 Ne3 21. Nxa5
Nxf1 22. Nc6 Nd2 23. Qb4 Qd7 24. Ne7+ Kh8 25. Bxa8 Ne6 26. Rc8+ Bf8 27. Bc6
Qxc8 28. Nxc8 Bxb4 29. Nxa7 Nc5 30. Bxd4 Nxd3 31. Bxb6 Nc4 32. Bd4 Na5 33. e6+
Kg8 34. exf7+ Kxf7 35. Be4 Nc5 36. Bd5+ Kf8 37. Nc6 Nxc6 38. Bxc6 Nd3 39. Kg2
Ne1+ 40. Kh3 Nc2 41. Be5 Be7 42. a4 Bb4 43. Bc7 Nd4 44. Bd5 Ke7 45. a5 Kd7 46.
a6 Bc5 47. Bb8 Nb5 48. Bc4 Na7 49. g4 Nc6 50. Bb5 Kc8 51. Bxc6 Kxb8 52. f5 gxf5
53. gxf5 Bf8 54. f6 Ka7 55. Bb5 Bd6 56. f7 Bf8 57. Kg4 Kb6 58. Kh5 Ka7 59. Kg5
Be7+ 60. Kf5 Kb6 61. h4 Ka7 62. Ke6 Bf8 63. Kd7 Kb6 64. Ke8 Bb4 65. f8=Q Bxf8
66. Kxf8 Ka7 67. Kg8 1-0

[Event "Julian Mazur Memorial"]
[Site "Wellington Chess Club"]
[Date "2020.07.23"]
[Round "6.22"]
[White "Shyamsundar, Tejas"]
[Black "Farrington, Lawrence"]
[Result "1/2-1/2"]
[WhiteElo "1500"]
[BlackElo "1639"]

1. e4 e6 2. d4 d5 3. Nd2 Nf6 4. e5 Nfd7 5. c3 c5 6. Ndf3 Nc6 7. Bd3 h6 8. Ne2
cxd4 9. cxd4 Qb6 10. a3 Be7 11. O-O f6 12. Nf4 Nf8 13. Re1 fxe5 14. Nxe5 Nxe5
15. dxe5 Bc5 16. Qf3 Bd7 17. Be3 Bxe3 18. Rxe3 O-O-O 19. b4 a6 20. Bf1 Kb8 21.
Rc3 Bc6 22. Qg4 Qd4 23. Qg3 Qxe5 24. Re1 Qd6 25. Nxe6 Qxg3 26. fxg3 Nxe6 27.
Rxe6 Rhe8 28. Rce3 Rxe6 29. Rxe6 Re8 30. Rg6 Re7 31. Bxa6 bxa6 32. Rxc6 Kb7 33.
Rd6 Re3 34. a4 Re4 35. Rxd5 Rxb4 36. Rd7+ Kb6 37. Rxg7 h5 38. Rg6+ Ka5 39. Rg5+
Kxa4 40. Rxh5 a5 41. Rh4 Kb3 42. Rh3 a4 43. g4+ Kb2 44. Rf3 a3 45. Rf2+ Ka1 46.
h3 a2 47. Kh2 Kb1 48. Rf1+ Kb2 49. Rf2+ Ka3 50. Rxa2+ Kxa2 51. Kg3 Kb3 52. h4
Kc4 53. Kf4 Kd5+ 54. Kf5 Kd6 55. g3 Ke7 56. g5 Kf7 57. h5 Rb5+ 58. Kf4 Kg7 59.
g4 Ra5 60. g6 Rc5 61. g5 Ra5 62. Kg4 Ra1 63. Kf5 Rf1+ 64. Kg4 Rf8 65. Kh4 Ra8
66. Kg4 Ra1 1/2-1/2

[Event "Julian Mazur Memorial"]
[Site "Wellington Chess Club"]
[Date "2020.07.23"]
[Round "6.23"]
[White "Stannard, Lars"]
[Black "Shepherd, Blake"]
[Result "0-1"]
[WhiteElo "1552"]
[BlackElo "1456"]

1. d4 d5 2. Bf4 c5 3. c3 Nf6 4. h3 h5 5. Nf3 Bf5 6. e3 Nc6 7. dxc5 e6 8. b4 a6
9. Bd3 Ne4 10. O-O g5 11. Bxe4 dxe4 12. Nxg5 e5 13. Qxd8+ Rxd8 14. Bh2 f6 15.
Nxe4 Bxe4 16. Na3 a5 17. b5 Bxc5 18. Nc4 Bd3 19. bxc6 Bxc4 20. Rfe1 bxc6 21. a4
Rd3 22. Rab1 Kd7 23. Rb7+ Kc8 24. Reb1 Bd6 25. R7b6 Kd7 26. h4 Rxc3 27. Bg3 Ra3
28. Rb7+ Ke6 29. R1b6 Rxa4 30. Rb1 Rb4 31. R7xb4 axb4 32. Rc1 b3 33. Rxc4 b2
34. Rxc6 b1=Q+ 35. Kh2 Rg8 36. f4 Qe4 37. Rc3 exf4 38. Bxf4 Bxf4+ 39. exf4
Qxf4+ 40. Kg1 Qd4+ 0-1